000 00370cam a22001097a 4500
008 180718b2013 xxu||||| |||| 00| 0 eng d
082 _aT2x54 P969c
100 _aPundit, Madhavi
245 _aComovement in business cycles and trade in intermediate goods
_cBy. Madhavi, Pundit
260 _aNew Delhi
_bNational institute of public finance and policy
_c2013
300 _a24p.
999 _c503155
_d503155